000 00300nam a22001337a 4500
008 170324b xxu||||| |||| 00| 0 eng d
020 _a9780787964276
041 _aeng
080 _23 RED
_a615.83
100 _a8
101 _aSHM
245 _aREFRAMING ORGANIZATIONS
_cBOLMAN.L.G
942 _2udc
_cBK
999 _c8542
_d8542